00438nam a2200145Ia 4500003000900000008004100009020001800050040001600068080001500084100001800099245009900117260003700216300001500253650002400268IN-BaIIA211028s9999 xx 000 0 eng d a81-208-1256-X cIIA Library a92:52bSHA aSharma, V. N. 0aSawai Jai Singh and his astronomycV. N. Sharma  aDelhibMotilal Banarsidassc1995 axvi, 347p. aAstronomy - history